00411nam a2200109Ia 4500008004100000100004200041245009200083260005000175300000900225502003400234650003300268120629s9999 xx 000 0 und d aOcaña Dewey, José Victor Trinidad aAnálisis sobre el derecho sindical en México / José Victor Trinidad Ocaña Dewey a: Universidad Autónoma de San Luis Potosí a83 p aBibliografía y conclusiones a1. DERECHO LABORAL-MEXICOÌ